Liquid phase alcohol oxidation over gold nanoparticles supported on mesoporous silica; 10th Congress on Catalysis Applied to Fine Chemicals, June 16-19, 2013 Turku, Finland

Podrobná bibliografie
Parent link:10th Congress on Catalysis Applied to Fine Chemicals, June 16-19, 2013 Turku, Finland.— 2013.— P52
Další autoři: Bogdanchikova N., Pestryakov A. N. Aleksey Nikolaevich, Martynyuk O. A. Oksana Anatolievna, Chimenton R. J., Tuzovskaya I., Zepeda T., Farias M., Parreira L. A., Gusevskaya E. V.
Shrnutí:В фонде НТБ ТПУ отсутствует
Jazyk:angličtina
Vydáno: 2013
Témata:
Médium: MixedMaterials Kapitola
KOHA link:https://koha.lib.tpu.ru/cgi-bin/koha/opac-detail.pl?biblionumber=599867

MARC

LEADER 00000naa0a2200000 4500
001 599867
005 20250724092320.0
035 |a (RuTPU)RU\TPU\tpu\24021 
035 |a RU\TPU\tpu\24019 
090 |a 599867 
100 |a 20131123d2013 k y0engy50 ba 
101 0 |a eng 
102 |a FI 
200 1 |a Liquid phase alcohol oxidation over gold nanoparticles supported on mesoporous silica  |f N. Bogdanchikova [et al.] 
333 |a В фонде НТБ ТПУ отсутствует 
463 |t 10th Congress on Catalysis Applied to Fine Chemicals, June 16-19, 2013 Turku, Finland  |v P52  |d 2013 
610 1 |a труды учёных ТПУ 
701 1 |a Bogdanchikova  |b N. 
701 1 |a Pestryakov  |b A. N.  |c Chemist  |c Professor of Tomsk Polytechnic University, Doctor of Chemical Science  |f 1963-  |g Aleksey Nikolaevich  |3 (RuTPU)RU\TPU\pers\30471  |4 070  |9 14796 
701 1 |a Martynyuk  |b O. A.  |c chemist  |c Researcher of Tomsk Polytechnic University, Candidate of chemical sciences  |f 1982-  |g Oksana Anatolievna  |3 (RuTPU)RU\TPU\pers\31284  |4 070  |9 15462 
701 1 |a Chimenton  |b R. J. 
701 1 |a Tuzovskaya  |b I. 
701 1 |a Zepeda  |b T. 
701 1 |a Farias  |b M. 
701 1 |a Parreira  |b L. A. 
701 1 |a Gusevskaya  |b E. V. 
801 1 |a RU  |b 63413507  |c 20130226 
801 2 |a RU  |b 63413507  |c 20131123  |g RCR 
850 |a 63413507 
942 |c BK